Central Library OPAC University of Rajshahi

Theory of relativity / (Record no. 52588)

MARC details
000 -LEADER
fixed length control field 00675nam a2200229 a 4500
001 - CONTROL NUMBER
control field 52588
003 - CONTROL NUMBER IDENTIFIER
rucl marc code BD-RjUL
005 - DATE AND TIME OF LATEST TRANSACTION
control field 20211209075830.0
008 - FIXED-LENGTH DATA ELEMENTS--GENERAL INFORMATION
fixed length control field 160922r19671958enk 001 0 eng
035 ## - SYSTEM CONTROL NUMBER
System control number (BD-RjUL)52708
040 ## - CATALOGING SOURCE
Original cataloging agency DLC
Transcribing agency DLC
Modifying agency MYG
-- BD-RjUL
Language of cataloging eng
041 1# - LANGUAGE CODE
Language code of text/sound track or separate title eng
082 ## - DEWEY DECIMAL CLASSIFICATION NUMBER
Edition number 23
Classification number 530.11
Author mark and year PAT 1967
100 1# - MAIN ENTRY--PERSONAL NAME
Personal name Pauli, W.
9 (RLIN) 157255
245 10 - TITLE STATEMENT
Title Theory of relativity /
Statement of responsibility, etc. by W. Pauli ; translated from the German by G. Field.
260 ## - PUBLICATION, DISTRIBUTION, ETC. (IMPRINT)
Place of publication, distribution, etc. London :
Name of publisher, distributor, etc. Pergamon Press,
Date of publication, distribution, etc. c1958 [reprinted 1967].
300 ## - PHYSICAL DESCRIPTION
Pagination xiv, 241 p. ;
Size 22 cm.
500 ## - GENERAL NOTE
General note Includes index.
650 #0 - SUBJECT ADDED ENTRY--TOPICAL TERM
Topical term or geographic name as entry element Relativity (Physics)
9 (RLIN) 157256
700 ## - ADDED ENTRY--PERSONAL NAME
Personal name Field, G.
942 ## - ADDED ENTRY ELEMENTS (KOHA)
Source of classification or shelving scheme Dewey Decimal Classification
Koha item type Books
Holdings
Lost status Source of classification or shelving scheme Damaged status Not for loan Collection code Permanent Location Current Location Shelving location Date acquired Source of acquisition Cost, normal purchase price Total Checkouts Full call number Date last seen Copy number Koha item type
  Dewey Decimal Classification     Non-fiction Central Library, University of Rajshahi Central Library, University of Rajshahi   13/11/1968 Zeitlinger 41.00   530.11 PAT 1967 22/09/2016 C-2 Books
  Dewey Decimal Classification     Non-fiction Central Library, University of Rajshahi Central Library, University of Rajshahi   13/11/1968 Zeitlinger 41.00   530.11 PAT 1967 22/09/2016 C-3 Books
  Dewey Decimal Classification     Non-fiction Central Library, University of Rajshahi Central Library, University of Rajshahi   13/11/1968 Zeitlinger 41.00   530.11 PAT 1967 22/09/2016 C-4 Books
  Dewey Decimal Classification   Not For Loan Non-fiction Central Library, University of Rajshahi Central Library, University of Rajshahi Reading Room 29/11/1962 Zeitlinger 35.00   530.11 PAT 1958 22/09/2016 C-1 Books
  Dewey Decimal Classification     Non-fiction Central Library, University of Rajshahi Central Library, University of Rajshahi   29/11/1962 Zeitlinger 35.00   530.11 PAT 1958 22/09/2016 C-5 Books